| 000 | 00870nam a2200277Ia 4500 | ||
|---|---|---|---|
| 003 | OSt | ||
| 005 | 20221006155812.0 | ||
| 006 | a|||||r|||| 00| 0 | ||
| 007 | ta | ||
| 008 | 221006b |||||||| |||| 00| 0 eng d | ||
| 020 |
_a9780415780155 _c£21.99 |
||
| 024 | _a43,532 | ||
| 037 |
_b168/2012-13, 15/03/2013, Pioneer Book Distributor _cTextual |
||
| 040 |
_aEASL _cEASL _beng |
||
| 041 |
_2eng _aeng |
||
| 082 | _aQ4vP, Q2 | ||
| 100 |
_aMcMahan David L. Ed. _9600035 |
||
| 245 | 0 | _aBuddhism in the modern world | |
| 260 |
_aLondon _bRoutledge _c2012 |
||
| 300 |
_a352p. _ccm. |
||
| 490 | _aReligions in the Modern World | ||
| 650 | _a Gen | ||
| 650 |
_aBuddhism - History - Twenty First Century _9670444 |
||
| 942 |
_hQ4vP, Q2 _cTEXL _2CC |
||
| 999 |
_c1111618 _d1111618 |
||